| 000 | 01004nam a22002537a 4500 | ||
|---|---|---|---|
| 001 | 9764 | ||
| 003 | FISKH | ||
| 005 | 20260212115658.0 | ||
| 008 | 260212b cb ||||| |||| 00| 0 eng d | ||
| 020 | _a9781843227465 | ||
| 040 |
_aFISKH _beng _cFISKH _dFISKH |
||
| 082 | _a590 | ||
| 100 |
_aGreen , Jen _eAuthor |
||
| 245 |
_aFind out about rainforest / _cBy Jen Green |
||
| 260 |
_aWigston, Leicestershire, England : _bArmadillo, _c2013 . |
||
| 300 |
_a64 pages : _bcolor illustrations ; _c20 X 20 cm . |
||
| 505 | _aU | ||
| 520 | _aExplore the tallest treetops, investigate the noises of the rainforest canopy, and learn about the mysterious secrets of the rainforest with this exciting book. Easy-to-do projects show how to track animals and plant a mini-jungle, and amazing facts inspire kids to find out more about the natural world | ||
| 521 | 8 |
_a820
_bLexile |
|
| 521 | 8 |
_aU
_bRaz-Plus |
|
| 700 |
_aSweet , Stephen _eIllustrator |
||
| 942 |
_2ddc _cBK _n0 |
||
| 999 |
_c9764 _d9764 |
||